Statistics for Name That Song - Punk Rock Edition

Click here to take the quiz!

General Stats

  • This quiz has been taken 298 times
  • The average score is 3 of 9

Answer Stats

Hint Answer % Correct
"Give it to me baby. Uh-huh. Uh-huh./And all the girls say I'm pretty fly/For a white guy/Uno, dos, tres, cuatro, cinco, cinco, seis."Pretty Fly (For a White Guy)
76%
"They're forming in a straight line/They're going through a tight wind/The kids are losing their minds/ the _______ ____/they're piling in the backseat/they generate steam heat/pulsating to the back beat/the ______ ___"Blitzkrieg Bop
60%
"____ ____ to the faraway towns/Now war is declared, and battle come down/____ ____ to the underworld/Come out of the cupboard, you boys and girls/____ ____ now don't look to us/Phony Beatlemania has bitten the dust/___ ___, see, we ain't got no swing/'Cept for the ring of that truncheon thing."London Calling
50%
"I am governor Jerry Brown/my aura smiles and never frowns/soon I will be president/Carter power will soon go away/I will be Fuhrer on day/I will command all of you/your kids will meditate in school..."California Uber Alles
45%
"There's no point in askin' you'll get no reply/just remember, don't decide/ got no reason, it's all too much/ you'll always find us out to lunch."Pretty Vacant
43%
"You and me have a disease/You affect me, you infect me/I'm afflicted, you're addicted/You and me, you and me."Infected
22%
"Jealous cowards try to control/____ ____ We're gonna ____ ____/They distort what we say/____ ____ We're gonna ____ ____/Try and stop what we do/____ ____ We're gonna ____ ____/When they can't do it themselves/____ ____/We are tired of your abuse/Try to stop us - it's no use!"Rise Above
22%
"Well it's been ten years and a thousand tears/And look at the mess I'm in/A broken nose and a broken heart/An empty bottle of gin/Well I sit and I pray/In my broken down Chevrolet/While I'm singin' to myself/There's got to be another way."Ball and Chain
18%
"5:25 August 5, 1962/Found her lying on her chest/Her face all turning blue/You think it was an overdose/But is could have been the pact/Could it have been the Kennedy's/Was it LAPD."Who Killed Marilyn?
9%

Score Distribution

Percentile by Number Answered

Percent of People with Each Score

Your Score History

You have not taken this quiz